Logo BPK

Biblioteka

Politechniki Koszalińskiej

A Book of Short Stories / (Rekord nr 48543)

Szczegóły MARC
000 -ETYKIETA REKORDU
podpole kontrolne o stałej długości 00656nam a2200229 i 4500
001 - NUMER KONTROLNY REKORDU
pole kontrolne bgj
020 ## - MIĘDZYNARODOWY ZNORMALIZOWANY NUMER KSIĄŻKI - ISBN
ISBN 0153368403
040 ## - ŹRÓDŁO KATALOGOWANIA
Instytucja, która utworzyła rekord BPK
041 0# - KOD JĘZYKA
Kod języka tekstu eng
920 ## - Międzynarodowy znormalizowany numer książki – ISBN
ISBN 0-15-336840-3
008 - POLE O STAŁEJ DŁUGOŚCI - DANE KONTROLNE
podpole kontrolne o stałej długości s uk f |000 0 eng
100 1# - NAZWA OSOBOWA
Nazwa osobowa LODGE, Robert A.
245 10 - TYTUŁ/ODPOWIEDZIALNOŚĆ
Tytuł A Book of Short Stories /
Pozostałe elementy strefy tytułu i oznaczenia odpowiedzialności [compiled] by Robert A. Lodge [and] Sarah E. Laubacher.
260 ## - STREFA ADRESU WYDAWNICZEGO
Miejsce wydania New York :
Nazwa wydawcy/dystrybutora Harcourt, Brace & World, Inc.,
Data publikacji, dystrybucji/powstania dokumentu cop. 1969.
300 ## - STREFA OPISU FIZYCZNEGO
Objętość VI, 310 pp ;
Rozmiary 21 cm.
490 1# - STREFA SERII I DOKUMENTU WIELOCZĘŚCIOWEGO - FORMA NIE DO WYSZUKIWANIA
Tytuł i oznaczenie odpowiedzialności serii Perspectives in Literature
650 #9 - HASŁO PRZEDMIOTOWE W FORMIE NAZWY OGÓLNEJ LUB JEDNOSTKOWEJ
Nazwa ogólna lub geograficzna Readers
650 #9 - HASŁO PRZEDMIOTOWE W FORMIE NAZWY OGÓLNEJ LUB JEDNOSTKOWEJ
Nazwa ogólna lub geograficzna Short Stories
700 1# - HASŁO DODATKOWE - NAZWA OSOBOWA
Nazwa osobowa LAUBACHER, Sarah E.
830 ## - HASŁO DODATKOWE SERII LUB DOKUMENTU WIELOCZĘŚCIOWEGO - TYTUŁ UJEDNOLICONY
Tytuł ujednolicony Perspectives in Literature
856 ## - LOKALIZACJA I DOSTĘP DO ELEKTRONICZNYCH DOKUMENTÓW ZDALNYCH
Link (URL) http://koha.tu.koszalin.pl/cgi-bin/koha/opac-detail.pl?biblionumber=48543
Tekst linku Katalog online BPK
942 ## - DODATKOWE ELEMENTY (KOHA)
Typ dokumentu Książka
Egzemplarze
Wycofany Status egzemplarza Uszkodzony Dostępność Lokalizacja stała Lokalizacja bieżąca Miejsce przechowywania Sygnatura Kod kreskowy Status: wypożyczony Ostatnio wypożyczono Typ dokumentu
      Dostępny Biblioteka Politechniki Koszalińskiej Biblioteka Politechniki Koszalińskiej Wypożyczalnia Językowa KA 5814 09054219 04.05.2027 04.05.2026 Książka
© 2023 Biblioteka Politechniki Koszalińskiej :: KOHA